Kraje, w których są salony McLaren - Statystyki

Ogólne statystyki
  • Ten quiz został rozwiązany 14 razy
  • Średni wynik to 35 z 41
Statystyki odpowiedzi
Odpowiedź % Poprawnych
Australia
100%
Austria
100%
Belgia
100%
Brazylia
100%
Chiny
100%
Hiszpania
100%
Holandia
100%
Japonia
100%
Kanada
100%
Kolumbia
100%
Meksyk
100%
Niemcy
100%
Nowa Zelandia
100%
Polska
100%
Republika Południowej Afryki
100%
Szwajcaria
100%
Szwecja
100%
USA
100%
Wielka Brytania
100%
Chile
89%
Grecja
89%
Indie
89%
Katar
89%
Portugalia
89%
Singapur
89%
Włochy
89%
Zjednoczone Emiraty Arabskie
89%
Francja
78%
Korea Południowa
78%
Malezja
78%
Monako
78%
Peru
78%
Tajlandia
78%
Tajwan
78%
Bahrajn
67%
Irlandia
67%
Kuwejt
67%
Indonezja
56%
Oman
56%
Łotwa
44%
Liban
22%
Nie znaleziono quizów pasujących do podanych kryteriów
Rozkład punktacji
Procent ludzi z każdym wynikiem
Percentyl według liczby udzielonych odpowiedzi
Twoja historia wyników
Nie rozwiązałeś tego quizu